| 000 | 01005nam a2200229Ia 4500 | ||
|---|---|---|---|
| 003 | OSt | ||
| 005 | 20220923212053.0 | ||
| 006 | a|||||r|||| 00| 0 | ||
| 007 | ta | ||
| 008 | 220922b |||||||| |||| 00| 0 hin d | ||
| 024 | _a150,543 | ||
| 037 | _cTextual | ||
| 040 |
_aARTS _cARTS _bhin |
||
| 041 |
_2hin _ahin |
||
| 082 | _a9073, 152K51 | ||
| 100 | _aफ्ुललर, एडमंड | ||
| 245 | 0 | _aये आविष्कारक* अमरीका के कुछ महापुरूष जिन्होने अपने आविष्कारों से संसार में क्रांति पैदा कर दी, जयदेव द्वारा अनु | |
| 246 | _aYe āviṣhkāraka: amarīkā ke kuchh hināpurūṣh jinhone apane āviṣhkāroan se sansār mean krāanti paidā kar dī, jayadev dvārā anu0 | ||
| 260 | _c1965 | ||
| 942 |
_h9073, 152K51 _cTEXL _2CC |
||
| 999 |
_c306223 _d306223 |
||